Polyfunkčný objekt, Rača - Východné

Gespeichert in:
Bibliographische Detailangaben
1. Verfasser: Socha, Matej (Verfasst von)
Weitere Verfasser: Andráš, Milan (Betreuung Doktorarbeit)
Format: Manuskript Buch
Sprache:Slowakisch
Veröffentlicht: 2025
Schlagworte:
Online-Zugang:http://is.stuba.sk/zp/portal_zp.pl?podrobnosti=185563
Tags: Tag hinzufügen
Keine Tags, Fügen Sie das erste Tag hinzu!

MARC

LEADER 00000ntm a22000003a 4500
001 stuzp104531
003 SK-STU
005 20250607210601.2
007 ta
008 150427s2015----xo-----f-mn---000-0-slo-d
040 |a STU  |b slo 
041 0 |a slo 
100 1 |a Socha, Matej  |u 058180  |4 aut  |U FAD Fakulta architektúry a dizajnu  |T FAD Ústav architektúry občianskych budov  |X 105775  |U A8180  |Y 399  |7 105775 
242 0 1 |a Multifunctional building, Rača - Východné  |y eng 
245 1 0 |a Polyfunkčný objekt, Rača - Východné 
260 |c 2025 
650 4 |a bus terminal  |2 eng 
650 4 |a railway station  |2 eng 
650 4 |a multifunctional building  |2 eng 
650 4 |a administrative building  |2 eng 
650 4 |a administratívna budova  |2 slo 
650 4 |a autobusová stanica  |2 slo 
650 4 |a želežničná stanica  |2 slo 
650 4 |a polyfunkčný objekt  |2 slo 
700 1 |a Andráš, Milan  |4 ths  |X 4208  |7 A000004208 
856 4 |u http://is.stuba.sk/zp/portal_zp.pl?podrobnosti=185563